La inflexibilidad descendente de los precios y la teoría de la empresa (Registro nro. 24957)

Detalles MARC
000 -LEADER
fixed length control field 00358 a2200109 4500
001 - CONTROL NUMBER
control field ART_54190
005 - DATE AND TIME OF LATEST TRANSACTION
control field 20260410161850.0
008 - FIXED-LENGTH DATA ELEMENTS--GENERAL INFORMATION
fixed length control field 260409a
100 1# - MAIN ENTRY--PERSONAL NAME
Personal name Beker, Víctor Alberto
245 10 - TITLE STATEMENT
Title La inflexibilidad descendente de los precios y la teoría de la empresa
773 0# - HOST ITEM ENTRY
Title Económica
Related parts - Año XXXI, Nº1 (ene./abr. 1985)
Record control number REV7541

No hay ítems disponibles.